Standard handbook of structural Details for Building construction : Morton Newman

Bibliographic Details
Main Author: Newman, Morton
Format: Book
Published: New York : Mc Graw-Hill, Inc. , 1992
Subjects:

MARC

LEADER 00000cam a2200000 7i4500
001 0000008858
005 20161227.0
020 |a 0070463522 
040 |a INS 
090 0 0 |a TH2031   |b N49 1992 
100 1 |a Newman, Morton. 
245 1 0 |a Standard handbook of structural Details for Building construction :   |b Morton Newman 
260 |a New York :   |b Mc Graw-Hill, Inc. ,   |c 1992 
300 |a 711p. :   |b 28cm 
650 0 0 |a Building   |x Details   |x Drawings   |x Handbooks,manuals,etc 
650 0 0 |a Structural drawing   |x Handbooks,manual,etc 
999 |a 0000023326   |b BOOK   |c Open Shelf   |e Default branch